[Event "III Copa Marcel Duchamp 2019"]
[Site "Montevideo"]
[Date "2019.02.14"]
[Round "7.15"]
[White "Coppola, Claudio"]
[Black "Guerrero, Alvaro"]
[Result "1-0"]
[WhiteElo "2209"]
[BlackElo "2096"]
[Annotator "NA RC"]
[PlyCount "51"]
[EventDate "2019.02.09"]
[EventType "swiss"]
[EventCountry "URU"]
[SourceTitle "playchess.com"]
[Source "ChessBase"]
[SourceQuality "1"]
[TimeControl "5400+30"]

1. d4 g6 2. e4 Bg7 3. Nc3 d6 4. Be3 Nf6 5. f3 O-O 6. Qd2 e5 7. O-O-O Nbd7 8. dxe5 Nxe5 9. Bh6 Bxh6 10. Qxh6 Be6 11. Nge2 c6 12. h4 Ne8 13. Nd4 Qf6 14. h5 Qg7 15. Qe3 Rd8 16. hxg6 Nxg6 17. f4 Bg4 18. Nf5 Bxf5 19. exf5 Nh8 20. Rh3 Nf6 21. Be2 Rfe8 22. Qf2 Kf8 23. Rdh1 b6 24. Bf3 Ng4 25. Bxg4 Qxg4 26. f6 1-0

[Event "III Copa Marcel Duchamp 2019"]
[Site "Montevideo"]
[Date "2019.02.14"]
[Round "7.16"]
[White "El Ters, Antouan"]
[Black "Suarez, Pedro"]
[Result "0-1"]
[WhiteElo "2205"]
[BlackElo "1950"]
[Annotator "TA"]
[PlyCount "84"]
[EventDate "2019.02.09"]
[EventType "swiss"]
[EventCountry "URU"]
[SourceTitle "playchess.com"]
[Source "ChessBase"]
[SourceQuality "1"]

{[%evp 12,84,53,47,45,48,57,22,53,8,34,0,2,5,4,10,-7,-71,-72,-84,-65,-111,-120,-114,-29,-63,-74,-94,-94,-94,-91,-91,-84,-85,-88,-90,-89,-118,-131,-142,-154,-216,-216,-216,-213,-213,-200,-309,-320,-415,-401,-403,-397,-413,-401,-381,-304,-312,-285,-354,-362,-338,-268,-355,-348,-339,-176,-281,-248,-243,-239,-531,-525,-5518,-5527]} 1. e4 d6 2. d4 Nf6 3. Bd3 Nbd7 4. Nf3 e5 5. c3 Be7 6. O-O O-O 7. Re1 c6 {B07: Pirc Defence: Miscellaneous Systems} (7... Re8 8. Nbd2 Bf8 9. Nf1 b6 10. Ng3 Bb7 11. h3 g6 12. Bg5 h6 13. Bd2 Bg7 14. Qc2 Rc8 15. Rad1 exd4 16. cxd4 {0-1 (85) Alekseev,E (2616)-Khismatullin,D (2632) Riadh 2017}) 8. Nbd2 Qc7 9. Nc4 Re8 {The position is equal.} 10. h3 Bf8 11. Bc2 $146 ({Predecessor:} 11. Bg5 g6 12. Qc2 Bg7 13. Rad1 h6 14. Bh4 Nh5 15. dxe5 dxe5 {½-½ (40) Maslova,P (1824)-Popelyshev,I (2095) Samara 2012}) 11... b5 12. Ne3 exd4 13. Nxd4 Nc5 14. Nef5 (14. f3 $11) 14... Ncxe4 $17 15. Bf4 c5 16. Bxe4 Nxe4 17. Ng3 Bb7 ({Reject} 17... cxd4 $6 18. Nxe4 Bb7 19. Qxd4 $11) (17... Nxf2 $17 18. Qf3 Bb7 19. Qxf2 cxd4 20. Qxd4 Qc6) 18. Nxe4 Rxe4 19. Rxe4 Bxe4 20. Nxb5 Qc6 $36 {[%mdl 2048] Black is in control.} 21. Qf1 Rb8 22. c4 a6 23. Nc3 Rxb2 24. Re1 Bf5 25. Rd1 h6 26. Rd2 (26. Kh2 $17) 26... Rxd2 $19 27. Bxd2 Qb7 28. Qe2 Qb2 29. a4 (29. g4 $142 Be6 30. Qd3) 29... Be6 30. a5 {and the idea Nd5 leaves White hopeful.} Qa1+ 31. Kh2 Qxa5 32. Nd5 Qa2 33. Ne3 Qb3 34. f4 f5 35. g4 fxg4 36. hxg4 Bf7 37. g5 hxg5 38. fxg5 g6 (38... Qb2 $142 {White must now prevent ...Qe5+.} 39. Kg1 Be7) 39. Qf2 (39. Ng4 $142) 39... Bg7 40. Ng4 Qxc4 ({Less strong is} 40... Bxc4 41. Nf6+ Kf8 42. Nh5+ Bf7 43. Nxg7 $15) 41. Nh6+ $2 (41. Nf6+ Bxf6 42. gxf6) 41... Kf8 42. Bf4 {[#]} Qxf4+ $1 {[%mdl 512] Accuracy: White = 20%, Black = 61%.} 0-1

[Event "III Copa Marcel Duchamp 2019"]
[Site "Montevideo"]
[Date "2019.02.14"]
[Round "7.17"]
[White "Hernandez Amura, Gilberto"]
[Black "Durante, Aurelio"]
[Result "1/2-1/2"]
[WhiteElo "2199"]
[BlackElo "1941"]
[Annotator "TA"]
[PlyCount "53"]
[EventDate "2019.02.09"]
[EventType "swiss"]
[EventCountry "URU"]
[SourceTitle "playchess.com"]
[Source "ChessBase"]
[SourceQuality "1"]

{[%evp 17,53,-16,0,11,47,58,63,50,99,54,45,54,49,42,133,126,125,81,101,101,108,78,108,102,74,79,112,118,127,120,104,56,71,34,103,0,0,0]} 1. e4 e6 2. d3 d5 3. Qe2 Nf6 4. Nf3 Be7 5. g3 O-O 6. e5 Nfd7 7. Bg2 c5 8. O-O Nc6 9. c4 Nb6 10. b3 {C00: French: Unusual White 2nd moves} (10. h4 f6 11. exf6 Bxf6 12. Nbd2 Qd6 13. Nb3 Bd7 14. Be3 Na4 15. Bf4 e5 16. Bg5 dxc4 17. dxc4 Nd4 18. Nfxd4 exd4 19. Bxb7 {0-1 (27) De la Riva Aguado,O (2475)-Leitao,R (2620) Batumi 2018}) 10... f5 11. exf6 Bxf6 12. Bb2 {White is slightly better.} d4 13. Nbd2 e5 14. Ba3 $146 ({Predecessor:} 14. Ne4 Be7 15. Ba3 Bg4 16. h3 Bf5 17. Nfd2 Nd7 {½-½ (31) Pinter,G (2307)-Szeberenyi,A (2287) Paks 1999}) 14... Nd7 15. h4 a5 ({Better is} 15... Be7 $14) 16. Ne4 $16 Qe7 17. Rfe1 Nb4 18. Bc1 Nc6 {[%cal Bb4c6,Bc6d8,Bd8f7][%mdl 32]} 19. Nxf6+ gxf6 20. Bh6 Re8 21. h5 Nf8 {[#]} 22. Nh4 $1 Nd8 23. Bd5+ Kh8 24. Qf3 Nf7 25. Bd2 Ne6 ({Black should play} 25... Nd6 $14) 26. Nf5 (26. Qg2 $16) 26... Neg5 $11 27. Bxg5 {Accuracy: White = 64%, Black = 53%.} 1/2-1/2

[Event "III Copa Marcel Duchamp 2019"]
[Site "Montevideo"]
[Date "2019.02.14"]
[Round "7.18"]
[White "Gomez Troccoli, Martin"]
[Black "Salinas Herrera, Pablo"]
[Result "0-1"]
[WhiteElo "1976"]
[BlackElo "2477"]
[Annotator "TA"]
[PlyCount "66"]
[EventDate "2019.02.09"]
[EventType "swiss"]
[EventCountry "URU"]
[SourceTitle "playchess.com"]
[Source "ChessBase"]
[SourceQuality "1"]

{[%evp 12,66,32,-26,-21,-19,-24,-22,-33,-30,-40,-34,-32,-63,-35,-68,-73,-59,-43,-52,-62,-62,-52,-62,-72,-69,-62,-58,-63,-59,-54,-111,0,-15,-12,-55,-41,-44,0,0,0,0,27,20,20,-50,-56,-204,-203,-437,-453,-431,-351,-1050,-1022,-5641,-5606]} 1. e4 c5 2. Nf3 d6 3. d4 cxd4 4. Nxd4 Nf6 5. Nc3 a6 6. h3 e6 7. Be3 (7. g4 $14) 7... b5 $11 {B90: Sicilian Najdorf: Unusual White 6th moves, 6 Be3 Ng4 and 6 Be3 e5} 8. a3 Bb7 9. Bd3 Nbd7 {[%cal Bb8d7,Bd7c5,Bc5a4,Ba4c3][%mdl 32] The position is equal.} 10. O-O Rc8 (10... Be7 11. Qe2 O-O 12. Rad1 Nc5 13. f3 Qc7 14. Bf2 Rfe8 15. g4 {0-1 (48) Schulz,L (2317)-Andersen,M (2605) Boeblingen 2018}) 11. f4 Be7 12. Rc1 $146 ({Predecessor:} 12. Qf3 O-O 13. Rae1 Re8 14. g4 g6 15. Nde2 {1-0 (44) Sipos,I (2451)-Ondrus,M (2296) Slovakia 2017}) 12... O-O 13. Qf3 {[#]} Rxc3 $1 {[%mdl 512]} 14. bxc3 Nc5 {[%cal Rf6e4]} 15. c4 bxc4 16. Bxc4 Nfxe4 17. Qg4 Bf6 {[%mdl 1024] Black has compensation.} 18. Nb3 Na4 19. Bd3 Nac3 20. Nd2 d5 21. f5 {[#]} (21. Nb1 $15) 21... e5 ({Better is} 21... h5 $1 $17 {[%cal Rh5g4]} 22. Qf3 exf5 23. Qxf5 g6) 22. Bxe4 (22. Nxe4 {with more complications.} dxe4 23. Bc4 Qe7 24. a4 a5 25. Bb3) 22... dxe4 23. Rb1 Nxb1 24. Rxb1 Qe7 25. Kh2 Kh8 26. Rb6 Rc8 ({Don't go for} 26... Qxa3 $2 27. Nb3 $18) 27. c4 Qxa3 28. Nb3 (28. Rxb7 $11 Qxe3 29. Nxe4) 28... Bc6 $15 29. Bc5 (29. Qe2 $15) 29... Qa2 $19 30. Be7 $2 (30. Bg1 {was called for.}) 30... e3 ({Wrong is} 30... Bxe7 $2 {[#]} 31. f6 $1 $18 {[%mdl 512]}) 31. Nc1 Qc2 32. Bxf6 $2 (32. Ne2) 32... gxf6 33. Ne2 Rg8 {Accuracy: White = 30%, Black = 81%.} 0-1

[Event "III Copa Marcel Duchamp 2019"]
[Site "Montevideo"]
[Date "2019.02.14"]
[Round "7.19"]
[White "Gemy, Jose Daniel"]
[Black "Rupel, David"]
[Result "1-0"]
[WhiteElo "2391"]
[BlackElo "1953"]
[Annotator "TA"]
[PlyCount "55"]
[EventDate "2019.02.09"]
[EventType "swiss"]
[EventCountry "URU"]
[SourceTitle "playchess.com"]
[Source "ChessBase"]
[SourceQuality "1"]

{[%evp 16,55,12,4,49,58,50,48,54,53,52,60,60,4,50,21,60,49,89,95,100,60,79,54,81,74,81,76,68,74,144,123,113,127,228,222,236,250,494,502,553,552]} 1. Nf3 c6 2. g3 d5 3. Bg2 Nf6 4. b3 Bf5 5. O-O Nbd7 6. Bb2 e6 7. d3 {A07: Réti Opening: New York and Capablanca Systems} (7. c4 h6 8. d3 Be7 9. Nbd2 O-O 10. Qc2 a5 11. a3 Bh7 12. Rac1 Re8 13. Qb1 Bd6 14. Rfe1 Qe7 15. Qa1 Qf8 16. d4 Ne4 17. Nxe4 Bxe4 18. Ne5 Nxe5 19. dxe5 Bxg2 20. Kxg2 {½-½ (20) Tadic,B (2563)-Arsovic,Z (2532) Belgrade 2015}) 7... Be7 8. Nbd2 O-O 9. Nh4 {LiveBook: 3 Games. The position is equal.} Bg6 10. Nxg6 hxg6 11. e4 dxe4 12. dxe4 e5 13. Qe2 Qc7 14. f4 (14. Rfd1 $14) 14... exf4 15. gxf4 Rfe8 $146 16. Kh1 Nh7 17. e5 Bf8 18. Nf3 Nc5 19. Rad1 Ne6 20. Nd4 Nxd4 21. Bxd4 Rad8 22. Qc4 c5 (22... a6 $142) 23. Bc3 Rxd1 24. Rxd1 Rd8 (24... g5 $16 25. f5 Rxe5) 25. Bd5 $18 {[%cal Bg2d5,Bd5f7,Bf7g6][%mdl 32] Black must now prevent Bxf7+!} Kh8 26. Rd3 Qd7 $2 {[#]} (26... Qe7 {keeps fighting.} 27. a4 (27. Bxf7 Rxd3 28. cxd3 Qh4 $18) 27... f5) 27. Bxf7 Qe7 28. Bxg6 {Precision: White = 71%, Black = 40%.} 1-0

[Event "III Copa Marcel Duchamp 2019"]
[Site "Montevideo"]
[Date "2019.02.14"]
[Round "7.20"]
[White "Zapata Charles, Santiago"]
[Black "Soto, Nicolas"]
[Result "1-0"]
[WhiteElo "2300"]
[BlackElo "1982"]
[Annotator "TA"]
[PlyCount "67"]
[EventDate "2019.02.09"]
[EventType "swiss"]
[EventCountry "URU"]
[SourceTitle "playchess.com"]
[Source "ChessBase"]
[SourceQuality "1"]

{[%evp 30,67,54,52,62,39,154,125,163,166,381,-7,-14,0,0,0,121,0,0,0,0,-73,-53,-93,-27,-29,-12,-7,721,735,722,722,1041,1027,1275,1385,29995,1356,1309,1284]} 1. e4 e6 2. d4 d5 3. Nd2 Nf6 4. e5 Nfd7 5. Bd3 c5 6. c3 Nc6 7. Ne2 cxd4 8. cxd4 f6 9. Nf4 Nxd4 10. Qh5+ Ke7 11. exf6+ Nxf6 12. Ng6+ hxg6 13. Qxh8 Kf7 14. O-O e5 {[%cal Be6e5,Be5e4][%mdl 32]} 15. Nb3 Nf5 {C06: French Tarrasch: 3...Nf6 4 e5 Nfd7 5 Bd3 main lines} (15... Nxb3 16. axb3 Bf5 17. Bxf5 gxf5 18. Bg5 Bc5 19. Qh3 Qd7 20. Bxf6 Kxf6 21. Rfe1 Re8 22. Qh4+ Kf7 23. Qh5+ {1-0 (47) Aravindh,C (2617)-Gallego Alcaraz,A (2461) Moscow 2018}) 16. Bg5 {LiveBook: 14 Games} e4 17. Be2 {aiming for g4.} Nh6 $146 (17... Be6 $14) ({Predecessor:} 17... Be6 18. Rac1 Qb6 19. g4 Nh6 20. Be3 Qd6 21. g5 Nfg4 22. Bxg4 Nxg4 23. Rc3 {1-0 (69) Hameister,R (2421)-Koehl,R (2271) ICCF email 2014}) 18. Rac1 Qd6 19. f3 Qe5 $2 (19... e3 20. f4 (20. Bxe3 Bd7 $16) 20... Bd7) 20. Be3 $2 ({Not} 20. Bxh6 gxh6 21. fxe4 Bd7 $18) (20. fxe4 $18 Qxg5 21. Rc7+ Be7 22. Rxe7+ $1 {[%mdl 512]} Kxe7 23. Qxg7+ Nf7 24. exd5) 20... exf3 $11 21. Rxf3 Bf5 {White must now prevent ...Nfg4.} 22. Bd4 Qd6 (22... Qxh2+ $1 $11 {remains equal.} 23. Kxh2 Bd6+ 24. Kg1 Rxh8) 23. Re3 ({Better is} 23. Na5 $1 $16) 23... Rd8 24. Be5 $36 {[%mdl 2048] White has some pressure.} Qb6 25. Rc7+ {[#]} (25. Bd4 $1 $11 {keeps the balance.} Bd6 26. Bxb6 Rxh8 27. Bc7 (27. Bxa7 Nhg4 $16)) 25... Bd7 $1 $17 26. Nd4 {[#]} Be7 (26... Re8 $1 $17 {[%cal Re8e5]} 27. Rb3 Qxc7 28. Bxc7 Bc5 29. Qxe8+ Kxe8) 27. Rxd7 $1 $11 Rxh8 {[#]} 28. Rxe7+ $1 {[%mdl 512]} Kg8 $2 {[%mdl 8192]} (28... Kxe7 $11 29. Bc7+ Ne4 30. Bxb6 axb6) 29. Rb3 $18 Qa5 30. Rbxb7 Qe1+ 31. Bf1 Nf5 32. Nxf5 {Intending Rb8+ and mate.} gxf5 33. Bxf6 (33. Rxg7+ $142 Kf8 34. Bd6+ Qe7 35. Rgxe7 Rh6 36. Rh7+ Kg8 37. Rbg7#) 33... Qxe7 34. Bxe7 {Precision: White = 46%, Black = 39%.} 1-0

[Event "III Copa Marcel Duchamp 2019"]
[Site "Montevideo"]
[Date "2019.02.14"]
[Round "7.21"]
[White "Zaruski, Julio"]
[Black "Sarquis, Maria Belen"]
[Result "0-1"]
[WhiteElo "1823"]
[BlackElo "2164"]
[Annotator "TA"]
[PlyCount "144"]
[EventDate "2019.02.09"]
[EventType "swiss"]
[EventCountry "URU"]
[SourceTitle "playchess.com"]
[Source "ChessBase"]
[SourceQuality "1"]

{[%evp 9,144,24,31,22,31,15,30,32,36,13,31,10,33,0,39,0,22,-1,23,-39,-41,-47,-39,-43,-43,-78,-83,-145,-124,-132,-125,-132,-110,-138,-89,-105,-88,-132,-77,-110,-104,-105,-106,-120,-51,-64,-69,-60,-60,-60,-28,-41,-10,-8,-6,-14,-18,-91,-67,-100,-97,-115,-101,-103,-106,-96,-97,-160,-165,-178,-167,-173,-170,-195,-184,-193,-184,-186,-194,-215,-213,-310,-313,-346,-337,-438,-371,-375,-381,-435,-429,-486,-385,-368,-201,-187,-137,-254,-29,-35,0,-456,-456,-455,-450,-445,-440,-399,-376,-413,-405,-434,-399,-406,-402,-485,-373,-454,-398,-405,-394,-400,-385,-4798,-4798,-3052,-2916,-2525,-2700,-2042,-1713,-12792,-10820,-5618,-5193,-29988,-29989]} 1. c4 e5 2. g3 Nc6 3. Bg2 Bc5 4. e3 (4. Nc3 d6 5. e3 a6 6. Nge2 Ba7 7. b3 Nge7 8. Bb2 h5 9. h4 Bg4 10. d3 Qd7 11. Qd2 Rb8 12. Rc1 O-O 13. Ne4 {1-0 (51) Topalov,V (2749)-Grischuk,A (2761) Paris 2017}) 4... a6 5. Ne2 Ba7 6. Nbc3 {A20: English Opening: 1...e5} Nge7 7. d3 d6 8. O-O {White has an edge.} O-O 9. h3 f5 10. Kh2 $146 ({Predecessor:} 10. Nd5 Be6 11. b3 Ng6 12. Kh2 {1-0 (61) Cvitan,O (2529)-Arjun,V (2325) Biel 2007}) 10... Be6 11. Nd5 Qd7 12. Nec3 Nd8 13. d4 Ng6 14. dxe5 (14. b3 $11) 14... dxe5 $15 15. b3 c6 16. Nb4 Qc7 17. Ne2 Nf7 18. Ng1 ({White should play} 18. f4) 18... e4 19. Bb2 Rad8 20. Qe2 Nge5 21. Bc3 Bc5 22. Nc2 Be7 23. Nd4 {[#]} Bc8 $1 24. b4 c5 25. bxc5 Qxc5 26. Rac1 Qxc4 (26... Nd3 $17 27. Rc2 Bd7) 27. Ba5 Qxe2 28. Ngxe2 Rd5 29. Bb6 Nd3 30. Rc3 {next Rxd3! is good for White.} Nfe5 (30... Rd6 {keeps more tension.} 31. Rb1 Nxf2 32. Nf4 Re8 33. Bc5 Rd7) 31. Nf4 Nxf4 $1 32. gxf4 Nd7 $36 {[%mdl 2048] Black fights for an advantage.} 33. Bc7 (33. Ba7 $11 {keeps the balance.} Bc5 34. Bxc5 Nxc5 35. Rfc1) 33... Rc5 34. Rxc5 Nxc5 35. Kg3 Ne6 36. Bb6 Nxd4 37. Bxd4 Be6 38. Rb1 ({Better is} 38. a4) 38... b5 $17 ({Of course not} 38... Bxa2 $6 39. Rxb7 Bf6 40. Bxf6 $11) 39. Rb2 Rc8 40. f3 Ba3 41. Rf2 Bb4 42. Kh2 Bd5 43. fxe4 fxe4 44. Bf1 Rc1 45. Kg2 (45. h4 $142) 45... Kf7 46. f5 Bc3 47. Bb6 Bc4 48. Bxc4+ bxc4 $19 {[%mdl 4096] Endgame KRB-KRB} 49. Rf4 Rb1 50. Ba7 Rb7 51. Bc5 Rc7 (51... Rb5 $142 52. Bd4 Rb2+ 53. Kg3 Be1+ 54. Kg4 Rg2+ 55. Kh5 c3) 52. Ba3 Bd2 {And now ...c3 would win.} 53. Rxe4 (53. Kf2 $17 {only move.}) 53... a5 $2 (53... c3 $19 54. Re6 c2) 54. Kf3 $11 c3 {[#] Hoping for ...c2.} 55. Re6 $2 {[%mdl 8192]} (55. Ke2 $11 {and White is okay.}) 55... c2 $19 56. Ra6 c1=Q 57. Bxc1 Rxc1 {KRB-KR} 58. e4 Rc5 59. Kg4 Bc3 60. h4 Be5 61. Ra7+ Ke8 62. Kg5 Bf6+ 63. Kg4 Kd8 64. h5 h6 65. Ra6 Kc7 66. Re6 $2 (66. Kf4) 66... Re5 67. Ra6 Rxe4+ 68. Kf3 Ra4 69. Ke3 Rxa2 70. Ke4 Kb7 71. Rd6 Ra4+ 72. Kd5 Rd4+ {Accuracy: White = 26%, Black = 55%.} 0-1

[Event "III Copa Marcel Duchamp 2019"]
[Site "Montevideo"]
[Date "2019.02.14"]
[Round "7.22"]
[White "Granara Barreto, Sebastian"]
[Black "Moccero, Eduardo"]
[Result "1/2-1/2"]
[WhiteElo "2134"]
[BlackElo "1950"]
[Annotator "TA"]
[PlyCount "48"]
[EventDate "2019.02.09"]
[EventType "swiss"]
[EventCountry "URU"]
[SourceTitle "playchess.com"]
[Source "ChessBase"]
[SourceQuality "1"]

{[%evp 10,48,22,15,76,7,33,0,2,-10,69,49,102,12,14,23,26,7,13,25,12,0,0,0,2,-25,-22,-19,-16,-16,-20,-35,-28,-33,-26,-36,-13,-22,-8,-17,0]} 1. e4 Nc6 2. d4 d5 3. e5 Bf5 4. c3 f6 5. Nf3 e6 6. Bb5 {LiveBook: 5 Games. B00: Queen's Fianchetto Defence, Nimzowitsch Defence} (6. Bd3 Nge7 7. O-O fxe5 8. dxe5 Qd7 9. b4 Bxd3 10. Qxd3 Ng6 11. Re1 Be7 12. b5 Na5 13. Nd4 {½-½ (13) Paehtz,E (2454)-Savina,A (2378) Riga 2017}) 6... a6 (6... Nge7 $11) 7. Ba4 (7. Bxc6+ $1 $16 bxc6 8. O-O) 7... Qd7 8. Bf4 {White is slightly better.} Nge7 9. O-O $146 ({Predecessor:} 9. Nbd2 Ng6 10. Bg3 Be7 11. Qe2 b5 12. Bb3 fxe5 13. Nxe5 Ngxe5 14. Bxe5 O-O 15. O-O Nxe5 16. Qxe5 Bd6 17. Qe2 Qf7 18. Bd1 Qf6 19. Nf3 Be4 20. Ne5 {½-½ (20) Leidig,A (1734)-Raue,T (1818) Germany 2013}) 9... Bg6 (9... b5 $11 10. Bc2 Bxc2 11. Qxc2 Ng6) 10. Nbd2 $14 b5 (10... Bh5 $14) 11. Bc2 (11. Bb3 $16) 11... Bxc2 $11 12. Qxc2 Ng6 13. Bg3 {Black should prevent a4.} fxe5 14. dxe5 Bc5 15. Nb3 Bb6 16. Nbd4 O-O 17. Qd2 Nxd4 18. cxd4 c5 19. dxc5 $1 Bxc5 20. Ne1 Bb6 21. Rc1 Rac8 22. Nd3 Rxc1 23. Rxc1 Rc8 24. b3 Rc7 {Precision: White = 38%, Black = 34%.} 1/2-1/2

[Event "III Copa Marcel Duchamp 2019"]
[Site "Montevideo"]
[Date "2019.02.14"]
[Round "7.23"]
[White "Arcos Facio, Mateo"]
[Black "Malan, Lucia"]
[Result "1-0"]
[WhiteElo "2107"]
[BlackElo "1851"]
[Annotator "TA"]
[PlyCount "103"]
[EventDate "2019.02.09"]
[EventType "swiss"]
[EventCountry "URU"]
[SourceTitle "playchess.com"]
[Source "ChessBase"]
[SourceQuality "1"]

{[%evp 19,103,35,29,18,18,6,11,0,20,-7,0,-6,-10,-25,-26,-18,0,0,0,-35,-23,-62,4,18,24,0,0,0,16,0,0,0,15,14,14,14,10,0,110,27,17,12,20,32,27,17,76,0,0,0,0,0,121,119,119,118,24,9,241,233,226,215,437,450,464,424,2131,2063,1877,1593,1477,1239,29978,29979,29982,29981,29982,29983,29984,29985,29985,29986,29986,29985,29987,29988]} 1. e4 e5 2. Nf3 Nc6 3. Bc4 Nf6 4. d3 Be7 5. O-O O-O 6. Re1 d6 7. a4 Bg4 8. h3 {C55: Two Knights: 4 d3, 4 d4 exd4 5 e5 and Max Lange Attack} Bh5 9. Nbd2 Nd4 10. g4 Nxf3+ $1 {LiveBook: 3 Games} 11. Qxf3 Bg6 12. Nf1 (12. Qg3 d5 13. exd5 Nxd5 14. Nf3 f6 15. Nxe5 fxe5 16. Qxe5 Bf7 17. Bxd5 Bxd5 18. Qxe7 Rf3 19. Qxd8+ Rxd8 20. Re5 Rxh3 21. Rh5 {½-½ (21) Wei,Y (2725)-Bu,X (2711) Ho Chi Minh City 2017}) 12... c6 13. Ne3 $146 ({Predecessor:} 13. Bb3 d5 14. exd5 Nxd5 15. Bxd5 cxd5 16. Rxe5 {1-0 (51) Lyell,M (2235)-Denisik,S Caleta 2013}) 13... Nd7 14. Nf5 Bxf5 15. gxf5 Bg5 16. Kh1 Bxc1 17. Rexc1 Qh4 18. Rg1 Nf6 19. Rg3 Kh8 20. Bb3 d5 (20... Nh5 $15 21. Rg4 Qf6) 21. exd5 $11 e4 22. Qg2 cxd5 23. Rxg7 Qh6 24. Rg3 Nh5 25. Rg4 {[#] Hoping for Rg1.} Rg8 26. Rg1 {[%cal Rg4g8]} ({Wrong is} 26. dxe4 $2 Nf4 $19) 26... Rxg4 27. Qxg4 {Qh4 is the strong threat.} Nf6 28. Qg3 Rg8 (28... Re8 $1 $11) 29. Qh2 (29. Qe3 $16 Qh5 30. dxe4) 29... Rxg1+ 30. Kxg1 {Black should prevent dxe4.} Qg5+ 31. Qg3 Qxf5 32. d4 Nh5 (32... Qh5 $11) 33. Qe5+ ({White should play} 33. Qd6 $16 {[%cal Rd6f8]} Nf6 34. Qe5) 33... Qxe5 34. dxe5 {[%mdl 4096] Endgame KB-KN} Nf4 {White must now prevent ...Kg7.} 35. Kh2 $1 {[%cal Rh2g3] Threatens to win with Kg3.} Kg7 (35... h5 $1 $11 {keeps the balance.}) 36. Kg3 $16 Ne2+ 37. Kg4 d4 38. Bc4 Nc1 $2 {[#]} (38... Ng1 $1 $11) 39. Kf4 $18 d3 40. cxd3 Nxd3+ $2 (40... exd3 {was called for.} 41. Ke3 Kf8) 41. Bxd3 exd3 {KP-KP} 42. Ke3 d2 (42... Kg6 $142 43. Kxd3 Kf5) 43. Kxd2 Kg6 44. Ke3 Kf5 45. f4 {[%cal Bf2f4,Bf4f5][%mdl 32]} a5 46. Kf3 {White mates.} h5 47. Ke3 f6 48. exf6 Kxf6 49. Ke4 Ke6 50. f5+ Kf6 51. Kf4 b6 52. h4 {Precision: White = 54%, Black = 29%.} 1-0

[Event "III Copa Marcel Duchamp 2019"]
[Site "Montevideo"]
[Date "2019.02.14"]
[Round "7.24"]
[White "Pichuaga, Juan Pablo"]
[Black "Baudel, Simon"]
[Result "1-0"]
[WhiteElo "2027"]
[BlackElo "1847"]
[Annotator "NA RC"]
[PlyCount "119"]
[EventDate "2019.02.09"]
[EventType "swiss"]
[EventCountry "URU"]
[SourceTitle "playchess.com"]
[Source "ChessBase"]
[SourceQuality "1"]
[TimeControl "5400+30"]

1. c4 b6 2. Nc3 Bb7 3. e4 c5 4. Nf3 g6 5. d4 cxd4 6. Nxd4 Bg7 7. Be2 Nc6 8. Be3 d6 9. O-O Nf6 10. f3 O-O 11. Qd2 Nxd4 12. Bxd4 Rc8 13. Rfc1 Ne8 14. a4 Bxd4+ 15. Qxd4 a5 16. Nd5 Rb8 17. Qxb6 Qxb6+ 18. Nxb6 Nf6 19. e5 Bc6 20. exf6 Rxb6 21. fxe7 Re8 22. c5 dxc5 23. Rxc5 Rxe7 24. Bc4 Ra7 25. b3 Kf8 26. Rd1 Bd7 27. Re1 Be6 28. Ree5 Bxc4 29. bxc4 Rb4 30. Rxa5 Rxa5 31. Rxa5 Rxc4 32. Kf2 Rc3 33. Ra7 Ra3 34. Kg3 Ra2 35. a5 Kg7 36. Kh3 Kf6 37. g4 Ra3 38. Kg3 h6 39. h4 g5 40. hxg5+ hxg5 41. Ra8 Kg7 42. Kf2 Kf6 43. Ke2 Ke5 44. Ra6 Ra2+ 45. Ke3 Ra3+ 46. Kf2 Ra2+ 47. Kg3 Ra3 48. Ra8 Kf6 49. Ra6+ Ke5 50. Ra7 Kf6 51. Kf2 Ra2+ 52. Kg3 Ra3 53. a6 Kg6 54. Ra8 Kg7 55. Kf2 Kf6 56. a7 Kg7 57. Ke2 Kf6 58. Kd2 Ke7 59. Kc2 Kd7 60. Rf8 1-0

[Event "III Copa Marcel Duchamp 2019"]
[Site "Montevideo"]
[Date "2019.02.14"]
[Round "7.25"]
[White "Campora, Edgardo"]
[Black "Torella, Rodolfo"]
[Result "0-1"]
[WhiteElo "1663"]
[BlackElo "2022"]
[Annotator "NA RC"]
[PlyCount "72"]
[EventDate "2019.02.09"]
[EventType "swiss"]
[EventCountry "URU"]
[SourceTitle "playchess.com"]
[Source "ChessBase"]
[SourceQuality "1"]
[TimeControl "5400+30"]

1. e4 g6 2. d4 Bg7 3. Nc3 d6 4. Be3 a6 5. Qd2 Nd7 6. f3 b5 7. h4 h5 8. Nh3 Bb7 9. Nf2 Ngf6 10. O-O-O Rc8 11. Kb1 c6 12. Bg5 Qc7 13. g3 c5 14. dxc5 Nxc5 15. Nd3 Na4 16. Nxa4 bxa4 17. Rh2 O-O 18. Bh6 a5 19. Bxg7 Kxg7 20. Nc1 d5 21. exd5 Qxg3 22. Qf2 Qxf2 23. Rxf2 Nxd5 24. Rd4 Nb6 25. a3 Rfd8 26. Rxd8 Rxd8 27. c3 Bc6 28. Kc2 Nd5 29. Kd3 Nb6+ 30. Kc2 e5 31. Bd3 f5 32. Be2 Kf6 33. Nd3 e4 34. Nc5 e3 35. Rg2 Rd2+ 36. Kc1 Bb5 0-1

[Event "III Copa Marcel Duchamp 2019"]
[Site "Montevideo"]
[Date "2019.02.14"]
[Round "7.26"]
[White "Dotta, Gian Franco"]
[Black "Augoustis Funti, Alexis"]
[Result "1-0"]
[WhiteElo "1896"]
[BlackElo "1984"]
[Annotator "NA RC"]
[PlyCount "39"]
[EventDate "2019.02.09"]
[EventType "swiss"]
[EventCountry "URU"]
[SourceTitle "playchess.com"]
[Source "ChessBase"]
[SourceQuality "1"]
[TimeControl "5400+30"]

1. e4 e6 2. d4 d5 3. Nd2 dxe4 4. Nxe4 Nd7 5. Nf3 Ngf6 6. Nxf6+ Nxf6 7. c3 c5 8. Ne5 cxd4 9. Bb5+ Nd7 10. Qf3 Qe7 11. Bg5 f6 12. O-O-O a6 13. Bxd7+ Bxd7 14. Qxb7 Rd8 15. Rxd4 Qc5 16. Rxd7 Qxe5 17. Rhd1 Qxg5+ 18. Kb1 f5 19. Qc6 Qf4 20. Rxg7+ 1-0